000 00555nam a2200181Ia 4500
003 GCL
008 140319s9999 xx 000 0 eng d
040 _aGCL /
_cGCL
082 0 4 _a624.1
_bB E
100 1 _aBULSON, P.S
245 1 0 _aEXPLOSIVE LOADING OF ENGINEERING STRUCTURES : A HISTORY OF RESEARCH AND A REVIEW OF RECENT DEVELOPMENT /
_cBULSON, P.S
260 _a[S.N] :
_bE & FN SPON ،
_c1997
300 _a236 P
650 0 4 _aالتحليل الرياضى
650 0 4 _aCIVIL ENGINEERING
650 0 4 _aSTRUCTURAL ENGINEERING
942 _2ddc
_cBK
999 _c16261
_d16261